000 00351 a2200133 4500
005 20250627165841.0
020 _a0-273-02351-9
082 _a658.15 FRE
100 _aFREEAR, J.
245 _aThe Management of Business Finance,
260 _aBritish,
_bPitman Book Limited,
_c1980.
300 _axiv, 562p: ill; figure
_bIndex,
_c23cm.
942 _2ddc
_cBKS
999 _c5768
_d5768